Klub podnikateľských anjelov Slovenska

Guardado en:
Detalles Bibliográficos
Formato: Libro
Lenguaje:eslovaco
Publicado: Bratislava Klub podnikateľských anjelov Slovenska 2011
Materias:
Etiquetas: Agregar Etiqueta
Sin Etiquetas, Sea el primero en etiquetar este registro!

MARC

LEADER 00000nam a2200000 4500
001 0129767
005 20240313133109.3
041 0 |a slo 
044 |a SK 
245 1 0 |a Klub podnikateľských anjelov Slovenska 
264 1 |a Bratislava  |b Klub podnikateľských anjelov Slovenska  |c 2011 
300 |a 12 s. 
610 2 0 |a podnikanie malé 
610 2 0 |a podnikanie stredné 
610 2 0 |a podpora podnikania 
610 2 0 |a združenia 
610 2 0 |a proces investičný 
610 2 0 |a kapitál rizikový 
610 2 0 |a plán podnikateľský